Thomas and Friends - Season 7 Episodes - Statistics

General Stats
  • This quiz has been taken 35 times
  • The average score is 13 of 26
Answer Stats
Episode # Episode Title % Correct
3 Bill, Ben and Fergus
75%
1 Emily's New Coaches
75%
14 Snow Engine
75%
15 Something Fishy
63%
4 The Old Bridge
63%
9 The Spotless Record
63%
26 Three Cheers for Thomas
63%
10 Toby's Windmill
63%
5 Edward's Brass Band
50%
23 Gordon and Spencer
50%
7 James and the Queen of Sodor
50%
24 Not So Hasty Puddings
50%
17 Peace and Quiet
50%
2 Percy Gets It Right
50%
12 Rheneas and the Roller Coaster
50%
13 Salty's Stormy Tale
50%
8 The Refreshment Lady's Tea Shop
50%
16 The Runaway Elephant
50%
25 Trusty Rusty
50%
6 What's the Matter with Henry?
50%
11 Bad Day at Castle Loch
38%
19 Bulgy Rides Again
38%
18 Fergus Breaks the Rules
38%
21 The Grand Opening
38%
22 Best Dressed Engine
25%
20 Harold and the Flying Horse
25%
No matching quizzes found
Score Distribution
Percent of People with Each Score
Percentile by Number Answered
Your Score History
You have not taken this quiz